000
00255nam a22001097a 4500
008
170105b xxu||||| |||| 00| 0 eng d
020
_a
9780721667713
041
_a
eng
080
_a
618.2
245
_a
MEDICAL-SURGICAL NURSING
_c
MORRIS, CH
942
_2
udc
_c
BK
999
_c
2577
_d
2577